Pokemon Trivia (Medium Difficulty) - Statistics

General Stats
  • This quiz has been taken 847 times
  • The average score is 13 of 20
Answer Stats
Hint Answer % Correct
Companion of James and Jessie Meowth
92%
Pokemon who Wears the Skull Of their Mother Cubone
87%
Fairy typed Eevee Sylveon
87%
Type With Most Pokemon Water
87%
Pokemon with Four Hands Machamp
85%
Only Fighting-Flying Type Pokemon Hawlucha
79%
The Lake of Rage's Famous "Red" Inhabitant Gyarados
74%
Time Travelling Pokemon Celebi
71%
Type With Least Pokemon Ghost
68%
Legendary Hedgehog Pokemon Shaymin
64%
Fossil Needed For Omanyte Helix
63%
Pokemon with highest Speed Stat Deoxys
53%
The Least Chosen Starter Bulbasaur
52%
The only Exclusive Flying Type Tornadus
52%
Pokemon with Gale Wings Talonflame
51%
The Most Sexually Active Pokemon Ditto
50%
Only Pokemon With No Weakness Eelektross
48%
Max EVs a Pokemon can have in One Stat 255
46%
Pokemon with 28 Different Forms Unown
39%
Unlikely World Champion Pokemon (VGC) Pachirisu
38%
No matching quizzes found
Score Distribution
Percent of People with Each Score
Percentile by Number Answered
Your Score History
You have not taken this quiz